000 00292nam a2200121 a 4500
008 100920s1965|||| d
245 1 0 _aV prietočnej uličke
100 1 _aErenburg
260 _bSlovenský spisovateľ
_aBratislava
_c1965
020 _c7,10
044 _axo
_cSK
041 _aslo
999 _c10523
_d10523